000 00706nam a2200253Ia 4500
003 OSt
005 20221006160800.0
006 a|||||r|||| 00| 0
007 ta
008 221006b |||||||| |||| 00| 0 eng d
020 _a9788962971613
024 _a46,335
037 _cTextual
040 _aEASL
_cEASL
_beng
041 _2eng
_aeng
082 _aUf4951, Q4;1
100 _aSCHWEKENDIEK Daniel J.
_9674913
245 0 _aData Atlas of South Korea
_b demography, society, Eeconomic activity
260 _aSEOUL
_bJimoondang Korea
_c2014
300 _a262p.
_ccm.
490 _v KEL
942 _hUf4951, Q4;1
_cTEXL
_2CC
999 _c1114427
_d1114427